00835nam a2200217 a 450000100100000000500170001000800410002704000250006808200140009324501220010726000400022930000280026970000240029770000270032170000290034870000410037770000360041870000340045495201120048899900170060000002999220240305132444.0110428s1978 dr a 000 0 spa d aDO-SdBNPbspacBNPHU axxxbM29400aManual de educación sexual /cRosa Rita Álvarez ... [et. al.] ; ilustración Millarray Quiroga, José Mercader. aSanto Domingo :bPROFAMILIA,c1978. a110 p. :bil. ;c27 cm.1 aBest, Sandra9567191 aCordero, Milton9567201 aEstrella, Octavio9526621 aMota Álvarez, Denis,d1952-9110071 aQuiroga, Millarray,eil.9567211 aMercader, José,eil.956560 0010718PDaPDbPDcCTd2011-04-28iLF1l0oxxx M294p29992-10r2020-06-25w2020-06-25yLFPDZNo se presta c29484d29484